00384pab a2200121 454500008004000000100003100040245009100071260000900162300001500171362000800186650002600194773004200220180718b2011 xxu||||| |||| 00| 0 eng d aBernerth, Jeremy B. et al. aA study of workplace justice differences during times of change: It's not all about me c2011 ap.336-359. aSep aOrganizational change aJournal of Applied Behavioral Science